[Event "HUN-chT2 Barcza 1718"]
[Site "Hungary"]
[Date "2018.02.18"]
[Round "8.12"]
[White "Szabo, Balint"]
[Black "Bartha, Pal"]
[Result "1/2-1/2"]
[WhiteElo "1738"]
[BlackElo "1714"]
[PlyCount "52"]
[EventDate "2017.09.24"]
[EventType "team-tourn"]
[EventRounds "11"]
[EventCountry "HUN"]
[SourceTitle "EXT 2021"]
[Source "ChessBase"]
[SourceDate "2020.10.23"]
[SourceVersion "1"]
[SourceVersionDate "2020.10.23"]
[SourceQuality "1"]
[WhiteTeam "Lillafured DVTK II"]
[BlackTeam "Tiszavasvar"]
[WhiteTeamCountry "HUN"]
[BlackTeamCountry "HUN"]

1. e4 e5 2. Nf3 Nc6 3. Bc4 Bc5 4. Nc3 Nf6 5. d3 d6 6. Bg5 h6 7. Bxf6 Qxf6 8. Nd5 Qd8 9. c3 0-0 10. b4 Bb6 11. Nxb6 axb6 12. h3 Qf6 13. 0-0 Be6 14. Bxe6 Qxe6 15. a3 Ra7 16. Qc2 Rfa8 17. Qb2 Ra4 18. Rfe1 Ne7 19. d4 Ng6 20. d5 Qf6 21. c4 R8a7 22. Re3 Qd8 23. Qc2 Qa8 24. Qc3 Qb8 25. Nd2 Nf8 26. Qb3 Nd7 1/2-1/2

[Event "HUN-chT2 Barcza 1314"]
[Site "Hungary"]
[Date "2014.03.02"]
[Round "8"]
[White "Vodila, Martin Botond"]
[Black "Bartha, Pal"]
[Result "1/2-1/2"]
[WhiteElo "1653"]
[BlackElo "1767"]
[PlyCount "103"]
[EventDate "2013.09.08"]
[EventType "team-tourn"]
[EventRounds "11"]
[EventCountry "HUN"]
[SourceTitle "EXT 2016"]
[Source "ChessBase"]
[SourceDate "2015.10.08"]
[SourceVersion "1"]
[SourceVersionDate "2015.10.08"]
[SourceQuality "1"]
[WhiteTeam "Edeleny"]
[BlackTeam "Tiszavasvar"]
[WhiteTeamCountry "HUN"]
[BlackTeamCountry "HUN"]

1. e4 e5 2. Nc3 Nf6 3. Bc4 Bc5 4. d3 d6 5. Bg5 Be6 6. Bb3 h6 7. Bh4 g5 8. Bg3 Qe7 9. Qd2 Nh5 10. Nge2 Nc6 11. 0-0-0 0-0-0 12. Nd5 Bxd5 13. Bxd5 Nd4 14. Nxd4 Bxd4 15. Qe2 Nf6 16. Bb3 Nd7 17. f3 Bb6 18. Bf2 Bxf2 19. Qxf2 Kb8 20. Rhe1 Nb6 21. d4 f6 22. c3 c5 23. dxc5 dxc5 24. Qe2 Kc7 25. Bd5 Nxd5 26. exd5 Qd6 27. c4 a5 28. Qd2 b6 29. Qc3 Kb7 30. b3 Ra8 31. a4 Ra7 32. Qd3 Raa8 33. Qf5 Rad8 34. Re2 Qe7 35. Red2 Rd6 36. Re2 Qd7 37. Qxd7+ Rxd7 38. g3 Kc7 39. Kc2 Kd6 40. Rde1 Rc7 41. g4 Rhh7 42. Kd3 h5 43. h3 hxg4 44. hxg4 Rh3 45. Ke4 Rch7 46. Re3 Rh2 47. Rd1 Rf2 48. Kf5 Rh6 49. Red3 Rb2 50. R1d2 Rb1 51. Rf2 Rbh1 52. Rdd2 1/2-1/2

[Event "HUN-chT2 Barcza 1011"]
[Site "Hungary"]
[Date "2011.05.01"]
[Round "10.10"]
[White "Timar, Jozsef"]
[Black "Bartha, Pal"]
[Result "1-0"]
[WhiteElo "1893"]
[BlackElo "1733"]
[PlyCount "119"]
[EventDate "2010.09.12"]
[EventType "team-tourn"]
[EventRounds "11"]
[EventCountry "HUN"]
[SourceTitle "EXT 2012"]
[Source "ChessBase"]
[SourceDate "2011.11.24"]
[SourceVersion "1"]
[SourceVersionDate "2011.11.24"]
[SourceQuality "1"]
[WhiteTeam "Debrecen Betu"]
[BlackTeam "Tiszavasvar"]
[WhiteTeamCountry "HUN"]
[BlackTeamCountry "HUN"]

1. e4 e5 2. Nf3 Nc6 3. Bc4 Nf6 4. d4 exd4 5. 0-0 d6 6. Nxd4 Nxd4 7. Qxd4 Be7 8. Nc3 0-0 9. Bg5 c6 10. Rad1 Be6 11. Rfe1 Ne8 12. Bf4 Qb6 13. Qxb6 axb6 14. Bf1 b5 15. a3 Rd8 16. g3 Nf6 17. Kg2 Nh5 18. Bc1 Rd7 19. f4 Rfd8 20. Be2 Nf6 21. f5 Bc4 22. Bf3 b4 23. axb4 Ba6 24. Na4 Ne8 25. b3 b5 26. Nb2 Bb7 27. c4 d5 28. exd5 cxd5 29. c5 Nc7 30. Nd3 Bf6 31. Bb2 Bc6 32. Bxf6 gxf6 33. Ra1 Ra8 34. Rxa8+ Bxa8 35. Ra1 Kf8 36. Kf2 Ke7 37. Ke2 Kd8 38. Kd2 Bc6 39. Nf4 Kc8 40. Nh5 Ne8 41. Ra6 Kb7 42. Rb6+ Kc7 43. Be2 Nd6 44. Nxf6 Ne4+ 45. Nxe4 dxe4+ 46. Ke3 Rd8 47. Bxb5 Bxb5 48. Rxb5 Rd3+ 49. Kxe4 Rxb3 50. Rb6 Rb2 51. h4 h5 52. Kf4 Rb3 53. g4 hxg4 54. Kxg4 Rb1 55. h5 Rg1+ 56. Kf4 Rh1 57. h6 Rf1+ 58. Ke5 Rh1 59. b5 Rh5 60. Rf6 1-0